[Event "BL2-Nord 1819"]
[Site "Germany"]
[Date "2019.03.24"]
[Round "10.1"]
[White "Socko, Bartosz"]
[Black "Guth, Thomas"]
[Result "1-0"]
[WhiteElo "2620"]
[BlackElo "2275"]
[PlyCount "93"]
[EventDate "2018.11.10"]
[EventType "team-tourn"]
[EventRounds "10"]
[EventCountry "GER"]
[SourceTitle "CBM 190 Extra"]
[Source "ChessBase"]
[SourceDate "2019.07.15"]
[SourceVersion "1"]
[SourceVersionDate "2019.07.15"]
[SourceQuality "1"]
[WhiteTeam "St Pauli"]
[BlackTeam "Berlin Rotation"]
[WhiteTeamCountry "GER"]
[BlackTeamCountry "GER"]

1. Nf3 e6 2. c4 c5 3. g3 b6 4. Bg2 Bb7 5. 0-0 d6 6. Nc3 Nf6 7. d4 cxd4 8. Qxd4 Be7 9. Rd1 a6 10. b3 Nbd7 11. Bb2 Qc7 12. Rac1 Rc8 13. h3 0-0 14. g4 Rfd8 15. g5 Ne8 16. h4 Qb8 17. Qg4 Nf8 18. h5 f5 19. gxf6 Nxf6 20. Qd4 Nxh5 21. Qxb6 Nf4 22. Qe3 N8g6 23. Ne1 d5 24. cxd5 Bc5 25. Qg3 Bd6 26. Qe3 exd5 27. Nxd5 Rxc1 28. Bxc1 Re8 29. Qb6 Nxe2+ 30. Kf1 Nc3 31. Nf6+ gxf6 32. Rxd6 Bxg2+ 33. Nxg2 Qxb6 34. Rxb6 Rd8 35. Ne3 f5 36. Bb2 Nd5 37. Rxa6 f4 38. Ng4 Kf7 39. Kg2 Ne3+ 40. fxe3 Rd2+ 41. Kf3 Rxb2 42. exf4 Ne7 43. f5 Nd5 44. Ra7+ Kf8 45. f6 Rb1 46. Ke4 h5 47. Ra8+ 1-0

[Event "Oberliga Nord O 1718"]
[Site "Germany"]
[Date "2018.04.15"]
[Round "9.3"]
[White "Pfeffer, Ruprecht"]
[Black "Guth, Thomas"]
[Result "1/2-1/2"]
[WhiteElo "2245"]
[BlackElo "2303"]
[PlyCount "87"]
[EventDate "2017.10.08"]
[EventType "team-tourn"]
[EventRounds "9"]
[EventCountry "GER"]
[SourceTitle "EXT 2019"]
[Source "ChessBase"]
[SourceDate "2018.10.10"]
[SourceVersion "1"]
[SourceVersionDate "2018.10.10"]
[SourceQuality "1"]
[WhiteTeam "Cottbus Lokomotive"]
[BlackTeam "Berlin Rotation"]
[WhiteTeamCountry "GER"]
[BlackTeamCountry "GER"]

1. Nf3 e6 2. g3 b6 3. Bg2 Bb7 4. 0-0 c5 5. b3 Nf6 6. Bb2 Be7 7. c4 d6 8. Nc3 a6 9. d4 cxd4 10. Qxd4 Nbd7 11. Rfd1 Qc7 12. Rac1 Rc8 13. Ng5 Bxg2 14. Kxg2 Nc5 15. Kg1 0-0 16. Nge4 Rfd8 17. b4 Ncxe4 18. Nxe4 Qc6 19. Nd2 Qb7 20. Nf1 d5 21. Qf4 dxc4 22. Rxd8+ Rxd8 23. Qxc4 b5 24. Qc6 Qxc6 25. Rxc6 Ra8 26. a3 h6 27. Kg2 a5 28. Rb6 axb4 29. axb4 Nd5 30. Rxb5 Ra2 31. Bd4 Nxb4 32. Rb8+ Kh7 33. Rb7 Nc6 34. Rb2 Ra4 35. Be3 Bf6 36. Rc2 Ne7 37. Nd2 Nd5 38. Bc5 Nc3 39. Nf3 Ne4 40. Be3 g6 41. Nd2 Nc3 42. Nb3 Nd5 43. Bd2 Be7 44. Nc5 1/2-1/2

[Event "Oberliga Nord O 1718"]
[Site "Germany"]
[Date "2018.03.18"]
[Round "8.3"]
[White "Guth, Thomas"]
[Black "Glawe, Hartmut"]
[Result "1-0"]
[WhiteElo "2303"]
[BlackElo "2008"]
[PlyCount "129"]
[EventDate "2017.10.08"]
[EventType "team-tourn"]
[EventRounds "9"]
[EventCountry "GER"]
[SourceTitle "EXT 2019"]
[Source "ChessBase"]
[SourceDate "2018.10.10"]
[SourceVersion "1"]
[SourceVersionDate "2018.10.10"]
[SourceQuality "1"]
[WhiteTeam "Berlin Rotation"]
[BlackTeam "Stralsund"]
[WhiteTeamCountry "GER"]
[BlackTeamCountry "GER"]

1. e4 c5 2. Nf3 d6 3. d4 cxd4 4. Nxd4 Nf6 5. Nc3 a6 6. Be2 e5 7. Nb3 h6 8. 0-0 Be7 9. a4 Be6 10. Re1 Nbd7 11. Bf3 0-0 12. Nd2 Rc8 13. Nf1 Qc7 14. Ne3 Nb6 15. Be2 d5 16. Ncxd5 Bxd5 17. exd5 Bc5 18. Bf3 Bxe3 19. Bxe3 Rfd8 20. Bxb6 Qxb6 21. b3 Rc3 22. Rxe5 Qc5 23. Rc1 Rc8 24. h3 Rxb3 25. cxb3 Qxc1 26. Qxc1 Rxc1+ 27. Kh2 Rc5 28. Re2 b5 29. d6 bxa4 30. bxa4 Kf8 31. Rb2 Rc8 32. Rb6 a5 33. Ra6 Rd8 34. Kg3 Ne8 35. Rxa5 Nxd6 36. Ra8 Rxa8 37. Bxa8 Nc4 38. Bd5 Nb6 39. Bb3 Ke7 40. Kf4 f6 41. Kf5 Nc8 42. Kg6 Kf8 43. Be6 Ne7+ 44. Kh7 Nc6 45. Ba2 Na7 46. Bd5 Nc8 47. a5 Na7 48. h4 Nc8 49. h5 Na7 50. g4 Nc8 51. f4 Na7 52. Bb7 Kf7 53. a6 Nb5 54. Bc6 Na7 55. Bd7 Kf8 56. Kg6 Kg8 57. Ba4 Nc8 58. Kf5 Kf7 59. Ke4 Ke6 60. Kd4 Kd6 61. Kc4 Kc7 62. Kc5 Nb6 63. Bb5 Nc8 64. Bc6 f5 65. gxf5 1-0

[Event "GER-chT Betriebe 17th"]
[Site "Berlin"]
[Date "2017.11.03"]
[Round "4.3"]
[White "Thomas, Mario"]
[Black "Guth, Thomas"]
[Result "0-1"]
[WhiteElo "2059"]
[BlackElo "2328"]
[PlyCount "44"]
[EventDate "2017.11.02"]
[EventType "team-swiss"]
[EventRounds "7"]
[EventCountry "GER"]
[SourceTitle "EXT 2020"]
[Source "ChessBase"]
[SourceDate "2019.10.17"]
[SourceVersion "1"]
[SourceVersionDate "2019.10.17"]
[SourceQuality "1"]
[WhiteTeam "Frankfurt/M Deutsche Bahn/BSW"]
[BlackTeam "Frankfurt AGI"]
[WhiteTeamCountry "GER"]
[BlackTeamCountry "GER"]

1. e4 e6 2. d4 d5 3. Nc3 Bb4 4. e5 Ne7 5. Qg4 c5 6. a3 Qa5 7. Nge2 cxd4 8. Qxd4 Nbc6 9. Qe3 Nf5 10. Qf4 d4 11. axb4 Qxa1 12. Nb5 0-0 13. g4 Nfe7 14. Bg2 Ng6 15. Qg3 Qa4 16. Nc7 Qxc2 17. 0-0 Qxe2 18. Nxa8 d3 19. Bf3 Qxe5 20. Qg2 Bd7 21. b5 Qxb5 22. Nc7 Qa5 0-1

[Event "BL2-Nord 1617"]
[Site "Germany"]
[Date "2017.02.19"]
[Round "6.7"]
[White "Guth, Thomas"]
[Black "Mueller, Oliver"]
[Result "1/2-1/2"]
[WhiteElo "2318"]
[BlackElo "2301"]
[PlyCount "99"]
[EventDate "2016.10.16"]
[EventType "team-tourn"]
[EventRounds "9"]
[EventCountry "GER"]
[SourceTitle "EXT 2018"]
[Source "ChessBase"]
[SourceDate "2017.10.13"]
[SourceVersion "1"]
[SourceVersionDate "2017.10.13"]
[SourceQuality "1"]
[WhiteTeam "Pankow Rotation"]
[BlackTeam "Werder Bremen II"]
[WhiteTeamCountry "GER"]
[BlackTeamCountry "GER"]

1. e4 c5 2. Nf3 d6 3. d4 cxd4 4. Nxd4 Nf6 5. Nc3 Nc6 6. Bg5 e6 7. Qd2 Be7 8. f4 0-0 9. 0-0-0 Nxd4 10. Qxd4 Qa5 11. Bb5 Rd8 12. e5 dxe5 13. Qxe5 h6 14. Bh4 a6 15. Be2 b5 16. Kb1 Ra7 17. Rxd8+ Qxd8 18. Rd1 Rd7 19. Rxd7 Qxd7 20. Bd3 Bb7 21. Qb8+ Qc8 22. Qxc8+ Bxc8 23. Ne4 Bb7 24. Nxf6+ gxf6 25. Bf1 Kg7 26. Bf2 Bd6 27. g3 Kg6 28. Bd3+ f5 29. Be2 Bd5 30. a4 Bc6 31. Kc1 f6 32. axb5 axb5 33. c4 bxc4 34. Bxc4 e5 35. fxe5 fxe5 36. Be1 f4 37. gxf4 exf4 38. Bf1 Bc5 39. b4 Bb6 40. Kd2 Kf5 41. h3 Bh1 42. Bh4 Ke4 43. Ba6 f3 44. Ke1 Bg2 45. Bf2 Bxf2+ 46. Kxf2 Bxh3 47. b5 Kd5 48. Kxf3 Kc5 49. Kg3 Bd7 50. Kh4 1/2-1/2

[Event "BL2-Nord 1617"]
[Site "Germany"]
[Date "2017.02.05"]
[Round "5.8"]
[White "Guth, Thomas"]
[Black "Doberitz, Paul"]
[Result "1-0"]
[WhiteElo "2318"]
[BlackElo "2193"]
[PlyCount "153"]
[EventDate "2016.10.16"]
[EventType "team-tourn"]
[EventRounds "9"]
[EventCountry "GER"]
[SourceTitle "EXT 2018"]
[Source "ChessBase"]
[SourceDate "2017.10.13"]
[SourceVersion "1"]
[SourceVersionDate "2017.10.13"]
[SourceQuality "1"]
[WhiteTeam "Pankow Rotation"]
[BlackTeam "Hamburger SK II"]
[WhiteTeamCountry "GER"]
[BlackTeamCountry "GER"]

1. e4 c5 2. Nf3 d6 3. d4 cxd4 4. Nxd4 Nf6 5. Nc3 g6 6. Be3 Bg7 7. Bc4 Nc6 8. f3 0-0 9. Qd2 Bd7 10. Nde2 Qa5 11. Bh6 Rfc8 12. Bxg7 Kxg7 13. Bb3 Ne5 14. h4 h5 15. 0-0-0 Qc5 16. Qd4 b5 17. a4 bxa4 18. Qxc5 Rxc5 19. Bxa4 Nc4 20. Rd3 Rac8 21. Bxd7 Nxd7 22. b3 Nce5 23. Re3 a5 24. Rd1 Nb6 25. Rd4 Kf8 26. Kd1 Ke8 27. Ke1 Nc6 28. Rd2 Ne5 29. Rd4 Nc6 30. Rd2 Nb4 31. Kf2 Nd7 32. Kf1 Ne5 33. Kf2 Kd7 34. Kf1 Ke8 35. Kf2 Kd8 36. Kf1 R5c7 37. Kf2 Ke8 38. Kf1 a4 39. Nxa4 Nxc2 40. Rc3 Rxc3 41. Naxc3 Nb4 42. Kf2 Nbd3+ 43. Kg3 Nb4 44. Nd5 Nxd5 45. Rxd5 Rb8 46. Nc1 Nd7 47. Ra5 Nc5 48. Ra3 Kd7 49. Ra7+ Kd8 50. Ra3 Rb7 51. Kf4 f6 52. Ra8+ Kd7 53. Rg8 Ne6+ 54. Ke3 g5 55. Rh8 gxh4 56. Rxh5 Nc5 57. Rxh4 Nxb3 58. Nd3 Nc5 59. Nf4 Ne6 60. Nd5 Rb3+ 61. Kf2 Nc7 62. Ne3 Rb2+ 63. Kg3 Ke6 64. Rh7 Na6 65. Nd5 Rb7 66. Nf4+ Kd7 67. Ng6 Ke8 68. Nh4 Rc7 69. Nf5 Kd8 70. Ne3 e6 71. Rh8+ Ke7 72. Ng4 e5 73. Nh6 Nc5 74. Rh7+ Kd8 75. Nf7+ Kc8 76. Nxd6+ Kd8 77. Rxc7 1-0

[Event "GER-chT Betriebe 16th"]
[Site "Dresden"]
[Date "2016.11.05"]
[Round "4.3"]
[White "Loxine, Jakov"]
[Black "Guth, Thomas"]
[Result "1-0"]
[WhiteElo "2409"]
[BlackElo "2301"]
[PlyCount "109"]
[EventDate "2016.11.03"]
[EventType "team-swiss"]
[EventRounds "7"]
[EventCountry "GER"]
[SourceTitle "EXT 2020"]
[Source "ChessBase"]
[SourceDate "2019.10.17"]
[SourceVersion "1"]
[SourceVersionDate "2019.10.17"]
[SourceQuality "1"]
[WhiteTeam "Meissen UKA"]
[BlackTeam "Frankfurt AGI"]
[WhiteTeamCountry "GER"]
[BlackTeamCountry "GER"]

1. Nf3 e6 2. c4 c5 3. g3 b6 4. Bg2 Bb7 5. Nc3 a6 6. 0-0 Qc7 7. e4 d6 8. b3 Nd7 9. Bb2 Ngf6 10. Qe2 Be7 11. d4 cxd4 12. Nxd4 0-0 13. g4 g6 14. Rac1 Rac8 15. f4 Qb8 16. g5 Nh5 17. Qg4 Nc5 18. Rcd1 b5 19. cxb5 axb5 20. b4 Na4 21. Nxa4 bxa4 22. Rf2 a3 23. Ba1 Rc4 24. Nxe6 Bc8 25. Qe2 Bxe6 26. f5 Qc8 27. fxe6 Qxe6 28. Qd3 Bxg5 29. Qxa3 Rxe4 30. Qc3 f6 31. Bxe4 Qg4+ 32. Bg2 Qxd1+ 33. Rf1 Qg4 34. Kh1 Bf4 35. Qf3 Qh4 36. Qh3 Qg5 37. Qe6+ Kg7 38. a4 Kh6 39. Bd4 Bxh2 40. Qh3 Kg7 41. Kxh2 Nf4 42. Be3 Nxh3 43. Bxg5 Nxg5 44. a5 Ne6 45. a6 Nc7 46. a7 d5 47. Rc1 Nb5 48. Bxd5 Nxa7 49. Rc7+ Kh6 50. Rxa7 Rb8 51. Bb7 Kg5 52. b5 Rd8 53. Bg2 f5 54. b6 Rd2 55. b7 1-0

[Event "BL2-Nord 1516"]
[Site "Germany"]
[Date "2016.03.14"]
[Round "8.7"]
[White "Guth, Thomas"]
[Black "Fruebing, Stefan"]
[Result "1-0"]
[WhiteElo "2308"]
[BlackElo "2347"]
[PlyCount "91"]
[EventDate "2015.09.19"]
[EventType "team-tourn"]
[EventRounds "9"]
[EventCountry "GER"]
[SourceTitle "EXT 2017"]
[Source "ChessBase"]
[SourceDate "2016.10.25"]
[SourceVersion "1"]
[SourceVersionDate "2016.10.25"]
[SourceQuality "1"]
[WhiteTeam "Pankow Rotation"]
[BlackTeam "Koenig Tegel"]
[WhiteTeamCountry "GER"]
[BlackTeamCountry "GER"]

1. e4 c5 2. Nf3 d6 3. d4 cxd4 4. Nxd4 Nf6 5. Nc3 g6 6. Be3 Bg7 7. Bc4 0-0 8. f3 Nc6 9. Qd2 Bd7 10. Bb3 Rc8 11. Nde2 Qa5 12. Bh6 Ne5 13. h4 Nc4 14. Bxc4 Rxc4 15. Bxg7 Kxg7 16. h5 Ng8 17. hxg6 fxg6 18. 0-0-0 Rfc8 19. Rh4 g5 20. Rh5 h6 21. Rdh1 Be8 22. R5h2 Bg6 23. Kb1 b5 24. Nd4 Rxc3 25. Nb3 Qb6 26. bxc3 Rc4 27. a3 a5 28. Qd3 Bf7 29. g3 Bg6 30. g4 Bf7 31. Kb2 Bg6 32. Nd4 d5 33. Nf5+ Bxf5 34. gxf5 b4 35. cxb4 axb4 36. a4 Qf6+ 37. Kb1 Rc3 38. Qxd5 Ra3 39. e5 Qxf5 40. Qd4 Rxa4 41. f4 g4 42. Rh5 Qe6 43. Qb2 Qc4 44. Qb3 Qa6 45. R5h4 Ra1+ 46. Kb2 1-0

[Event "GER-chT Betriebe 15th"]
[Site "Munich"]
[Date "2015.10.25"]
[Round "7.2"]
[White "Guth, Thomas"]
[Black "Schmidt, Hans"]
[Result "1-0"]
[WhiteElo "2293"]
[BlackElo "2064"]
[PlyCount "45"]
[EventDate "2015.10.22"]
[EventType "team-swiss"]
[EventRounds "7"]
[EventCountry "GER"]
[SourceTitle "EXT 2020"]
[Source "ChessBase"]
[SourceDate "2019.10.17"]
[SourceVersion "1"]
[SourceVersionDate "2019.10.17"]
[SourceQuality "1"]
[WhiteTeam "Frankfurt AGI"]
[BlackTeam "Muenchen Bayerische Landesb"]
[WhiteTeamCountry "GER"]
[BlackTeamCountry "GER"]

1. e4 c6 2. d4 d5 3. exd5 cxd5 4. Bd3 Nf6 5. h3 e6 6. Nf3 b6 7. c3 Be7 8. 0-0 0-0 9. Qe2 Bb7 10. Nbd2 Nbd7 11. Re1 Re8 12. Ne5 Nxe5 13. dxe5 Nd7 14. Qg4 g6 15. Nf3 Nc5 16. Bc2 Ne4 17. Ba4 h5 18. Qf4 Rf8 19. Qh6 b5 20. Rxe4 dxe4 21. Ng5 Bxg5 22. Bxg5 bxa4 23. Bf6 1-0

[Event "GER-chT Betriebe 15th"]
[Site "Munich"]
[Date "2015.10.22"]
[Round "1.2"]
[White "Guth, Thomas"]
[Black "Ristic, Sreten"]
[Result "1-0"]
[WhiteElo "2293"]
[BlackElo "1901"]
[PlyCount "51"]
[EventDate "2015.10.22"]
[EventType "team-swiss"]
[EventRounds "7"]
[EventCountry "GER"]
[SourceTitle "EXT 2020"]
[Source "ChessBase"]
[SourceDate "2019.10.17"]
[SourceVersion "1"]
[SourceVersionDate "2019.10.17"]
[SourceQuality "1"]
[WhiteTeam "Frankfurt AGI"]
[BlackTeam "Hamburg Rapid Unilever"]
[WhiteTeamCountry "GER"]
[BlackTeamCountry "GER"]

1. e4 d6 2. Nc3 g6 3. d4 Nh6 4. Nf3 f6 5. Bc4 a6 6. Qe2 b5 7. Bb3 Nd7 8. 0-0 c5 9. dxc5 Nxc5 10. Bd5 Ra7 11. b4 Nd7 12. Be3 Rc7 13. Qd2 Ng4 14. Nd4 Nde5 15. Ne6 Bxe6 16. Bxe6 Nxe3 17. Qxe3 g5 18. a4 Nc4 19. Qh3 h5 20. Qf5 Ne5 21. Nd5 Rb7 22. axb5 axb5 23. Ra6 Rb8 24. Ra7 Bg7 25. Nc7+ Kf8 26. Bd5 1-0

[Event "Oberliga Nord O 1415"]
[Site "Germany"]
[Date "2015.01.18"]
[Round "5.6"]
[White "Guth, Thomas"]
[Black "Postler, Reinhard"]
[Result "1-0"]
[WhiteElo "2297"]
[BlackElo "2222"]
[PlyCount "169"]
[EventDate "2014.09.21"]
[EventType "team-tourn"]
[EventRounds "9"]
[EventCountry "GER"]
[SourceTitle "EXT 2016"]
[Source "ChessBase"]
[SourceDate "2015.10.08"]
[SourceVersion "1"]
[SourceVersionDate "2015.10.08"]
[SourceQuality "1"]
[WhiteTeam "Berlin Rotation"]
[BlackTeam "Berlin Oberschoeneweide"]
[WhiteTeamCountry "GER"]
[BlackTeamCountry "GER"]

1. e4 c5 2. Nf3 e6 3. d4 cxd4 4. Nxd4 a6 5. c4 Nf6 6. Nc3 Qc7 7. Nc2 d6 8. Be2 b6 9. Ne3 Bb7 10. Qc2 Nbd7 11. Bd2 Be7 12. Rc1 Rc8 13. 0-0 Qb8 14. Qb1 Qa8 15. f3 0-0 16. Rfd1 Rfe8 17. b4 Bd8 18. Be1 Bc7 19. Bf2 Ne5 20. Qb3 Qb8 21. Rc2 Ng6 22. g3 Rcd8 23. Rcd2 Qa8 24. Bf1 Ne5 25. Bg2 Ned7 26. Nc2 h6 27. Na4 Qb8 28. Na3 Ba8 29. Nc3 Ne5 30. Rc1 Rd7 31. b5 a5 32. Rcd1 Rdd8 33. Na4 Ned7 34. Qb1 Nc5 35. Nc3 Qc8 36. Nc2 Bb7 37. Qc1 Nfd7 38. Ne3 Nf6 39. Qc2 Qa8 40. g4 Qb8 41. Bg3 Rd7 42. Rd4 Qd8 43. Qf2 Qe7 44. R4d2 Qf8 45. Nc2 Rc8 46. Bf4 Ne8 47. Be3 Bd8 48. e5 Be7 49. Qg3 Rdd8 50. g5 hxg5 51. Bxg5 Bxg5 52. Qxg5 f6 53. exf6 Qxf6 54. Qxf6 gxf6 55. f4 f5 56. Nd4 Rd7 57. Bc6 Rg7+ 58. Rg2 Rcc7 59. Rdd2 Nf6 60. Rxg7+ Rxg7+ 61. Rg2 Bc8 62. Nb3 Rxg2+ 63. Kxg2 Nfd7 64. Bxd7 Nxd7 65. Na4 Bb7+ 66. Kf2 Be4 67. Ke3 Kf7 68. Kd2 Kf6 69. Nd4 e5 70. fxe5+ Kxe5 71. Nc6+ Kf4 72. Ne7 Kf3 73. Nc8 d5 74. Ncxb6 Nxb6 75. Nxb6 dxc4 76. Nxc4 f4 77. Ne5+ Kg2 78. h4 f3 79. Nxf3 Kxf3 80. h5 Kf4 81. h6 Ke5 82. Kc3 a4 83. Kb4 Kd5 84. Kxa4 Kc5 85. Ka5 1-0

[Event "Oberliga Nord O 1314"]
[Site "Germany"]
[Date "2014.04.06"]
[Round "9.7"]
[White "Gropp, Andreas"]
[Black "Guth, Thomas"]
[Result "0-1"]
[WhiteElo "2185"]
[BlackElo "2283"]
[PlyCount "118"]
[EventDate "2013.10.13"]
[EventType "team-tourn"]
[EventRounds "9"]
[EventCountry "GER"]
[SourceTitle "EXT 2015"]
[Source "ChessBase"]
[SourceDate "2014.11.20"]
[SourceVersion "1"]
[SourceVersionDate "2014.11.20"]
[SourceQuality "1"]
[WhiteTeam "Neuruppin"]
[BlackTeam "Pankow Rotation"]
[WhiteTeamCountry "GER"]
[BlackTeamCountry "GER"]

1. Nf3 e6 2. b3 b6 3. Bb2 Bb7 4. c4 c5 5. Nc3 Nf6 6. d4 cxd4 7. Qxd4 Bc5 8. Qf4 a6 9. e4 d6 10. a3 e5 11. Qg5 0-0 12. Bd3 Nc6 13. Nd5 Nxd5 14. Qxd8 Nxd8 15. cxd5 b5 16. Nh4 g6 17. g4 f6 18. b4 Bb6 19. Ke2 Nf7 20. Ng2 Nh6 21. f3 f5 22. gxf5 gxf5 23. Nh4 f4 24. Bc3 Kf7 25. Be1 Rg8 26. Bf2 Bd8 27. Rac1 Rc8 28. Rxc8 Bxc8 29. Rc1 Bd7 30. Kf1 Kf6 31. Ke2 Kg5 32. Rg1+ Kh5 33. Rxg8 Nxg8 34. Ng2 Bh3 35. Kf1 Ne7 36. Kg1 Nc8 37. Ne1 Nb6 38. Nc2 Na4 39. Bf1 Bxf1 40. Kxf1 Bb6 41. Bxb6 Nxb6 42. Ne1 Nc4 43. Nd3 Kg5 44. Kg2 Nxa3 45. h4+ Kf6 46. Kh3 h5 47. Kg2 Nc4 48. Kf2 Ke7 49. Ke2 Ne3 50. Ne1 Kd7 51. Kd3 Kc7 52. Kc3 Kb6 53. Kb3 a5 54. bxa5+ Kxa5 55. Ka3 b4+ 56. Kb3 Kb5 57. Kb2 Kc4 58. Kc1 Kc3 59. Kb1 Kd2 0-1

[Event "Oberliga Nord O 1314"]
[Site "Germany"]
[Date "2013.11.10"]
[Round "2.8"]
[White "Guth, Thomas"]
[Black "Szyszylo, Rafal"]
[Result "1/2-1/2"]
[WhiteElo "2283"]
[BlackElo "2214"]
[PlyCount "85"]
[EventDate "2013.10.13"]
[EventType "team-tourn"]
[EventRounds "9"]
[EventCountry "GER"]
[SourceTitle "EXT 2015"]
[Source "ChessBase"]
[SourceDate "2014.11.20"]
[SourceVersion "1"]
[SourceVersionDate "2014.11.20"]
[SourceQuality "1"]
[WhiteTeam "Pankow Rotation"]
[BlackTeam "Ruedersdorf"]
[WhiteTeamCountry "GER"]
[BlackTeamCountry "GER"]

1. e4 g6 2. Nc3 Bg7 3. d4 d6 4. Bg5 c6 5. Qd2 b5 6. Nf3 Nd7 7. Bd3 Nb6 8. h3 h6 9. Be3 Nf6 10. 0-0 g5 11. e5 Nfd5 12. exd6 exd6 13. Nxd5 Nxd5 14. Nh2 0-0 15. c3 Re8 16. Rae1 Bd7 17. Qd1 Qf6 18. Ng4 Qd8 19. Bc1 f5 20. Ne3 Nxe3 21. fxe3 Rf8 22. Qc2 g4 23. hxg4 fxg4 24. Rxf8+ Qxf8 25. Rf1 Qe7 26. g3 Rf8 27. Rxf8+ Qxf8 28. e4 h5 29. Qf2 Qe7 30. Bf4 a6 31. Bc2 c5 32. dxc5 dxc5 33. Qd2 Be6 34. Bd6 Qd8 35. Qf4 Qb6 36. e5 c4+ 37. Kh2 Qd8 38. Qe4 Qg5 39. Qa8+ Kf7 40. Qb7+ Kg8 41. Qb8+ Kf7 42. Qb7+ Kg8 43. Qa8+ 1/2-1/2

[Event "Oberliga Nord O 1213"]
[Site "Germany"]
[Date "2013.04.14"]
[Round "9.8"]
[White "Lagunow, Raphael"]
[Black "Guth, Thomas"]
[Result "1/2-1/2"]
[WhiteElo "1845"]
[BlackElo "2273"]
[PlyCount "156"]
[EventDate "2012.10.17"]
[EventType "team-tourn"]
[EventRounds "9"]
[EventCountry "GER"]
[SourceTitle "EXT 2015"]
[Source "ChessBase"]
[SourceDate "2014.11.20"]
[SourceVersion "1"]
[SourceVersionDate "2014.11.20"]
[SourceQuality "1"]
[WhiteTeam "Lasker Steglitz"]
[BlackTeam "Pankow Rotation"]
[WhiteTeamCountry "GER"]
[BlackTeamCountry "GER"]

1. Nf3 e6 2. g3 d5 3. Bg2 f5 4. d4 Nf6 5. 0-0 Bd6 6. Ne5 0-0 7. Nd2 c5 8. Nb3 cxd4 9. Qxd4 Nc6 10. Nxc6 bxc6 11. Bf4 Bxf4 12. gxf4 a5 13. a4 Ne4 14. f3 Nd6 15. Qc5 Ra6 16. Rfd1 Nb7 17. Qd4 Qb6 18. e3 c5 19. Qc3 Bd7 20. Nd2 Be8 21. Bf1 Ra7 22. Qe5 Nd8 23. c4 Nf7 24. Qc3 Rb7 25. b3 d4 26. Qd3 Rd7 27. e4 Nd6 28. e5 Nb7 29. Nb1 Nd8 30. Na3 Nc6 31. Nb5 Bh5 32. Be2 Qd8 33. Rf1 Qh4 34. Qd2 g5 35. fxg5 f4 36. Kh1 Nxe5 37. Qe1 Qh3 38. Qf2 Bg6 39. Qg2 Qh5 40. Rae1 Bf5 41. Rg1 Nc6 42. Bd1 e5 43. Qf2 Re8 44. Qd2 Nb4 45. Be2 Qh4 46. Bf1 e4 47. fxe4 f3 48. Rg3 Rxe4 49. Rxe4 Qxe4 50. Kg1 Nc2 51. Kf2 Qh4 52. Kg1 Ne3 53. Rxf3 Rg7 54. Qxa5 Qxg5+ 55. Rg3 Qe7 56. Qc7 Qxc7 57. Nxc7 Rxg3+ 58. hxg3 d3 59. Kf2 d2 60. Be2 d1Q 61. Bxd1 Nxd1+ 62. Ke1 Nc3 63. a5 Ne4 64. a6 Bc8 65. a7 Bb7 66. g4 Nf6 67. a8Q+ Bxa8 68. Nxa8 Nxg4 69. Nb6 Ne5 70. Ke2 Kf7 71. Nd5 Ke6 72. Ke3 Nc6 73. Nf4+ Kd6 74. Nd3 Nd4 75. Kf4 Nxb3 76. Kg5 Nd2 77. Kh6 Nxc4 78. Nxc5 Kxc5 1/2-1/2